| 000 | 01347cam a22004454a 4500 | ||
|---|---|---|---|
| 001 | 88462 | ||
| 005 | 20230410123932.0 | ||
| 008 | 010827s2001 mx a b 000 0 spa | ||
| 010 | _a 2001429284 | ||
| 035 | _a(OCoLC)ocm47990383 | ||
| 040 |
_aDLC _cDLC _dPL# _dBAKER _dYDXCP |
||
| 019 | _a47633252 | ||
| 020 | _a9706514937 | ||
| 020 | _a9789706514936 | ||
| 029 | 1 |
_aAU@ _b000022989502 |
|
| 035 |
_a(OCoLC)47990383 _z(OCoLC)47633252 |
||
| 042 | _apcc | ||
| 043 | _an-mx--- | ||
| 050 | 1 | 4 |
_aLA422 _b.P918715 2001 |
| 082 | 0 | 0 |
_a370/.972 _221 |
| 049 | _aGRAL | ||
| 100 | 1 | _aPrawda, Juan. | |
| 245 | 1 | 0 |
_aMéxico educativo revisitado : _breflexiones al comienzo de un nuevo siglo / _cJuan Prawda, Gustavo Flores. |
| 250 | _a1. ed. | ||
| 260 |
_aMéxico, D.F. : _bOcéano, _cc2001. |
||
| 300 |
_a317 p. : _bill. ; _c23 cm. |
||
| 490 | 1 | _aTiempo de México | |
| 440 | 0 | _aCon una cierta mirada | |
| 504 | _aIncludes bibliographical references (p. 297-311). | ||
| 650 | 0 |
_aEducation _xAims and objectives _zMexico. |
|
| 650 | 4 | _aColección Rene Villarreal | |
| 650 | 4 | _aCRV. | |
| 653 |
_aEducación _aMéxico. |
||
| 700 | 1 | _aFlores, Gustavo. | |
| 830 | 0 | _aTiempo de México (Editorial Océano de México) | |
| 938 |
_aPuvill Libros _bPUVL _n9706514937 _c$49.88 |
||
| 942 |
_2lcc _cbk |
||
| 946 | _amfcruz | ||
| 994 |
_aC0 _bDRFGD |
||
| 999 |
_c68418 _d68418 |
||